Catálogo
 En Linea

Merriam-Webster's Geographical Dictionary. / (Registro nro. 40471)

Detalles MARC
000 -CABECERA
campo de control de longitud fija 00530nam a2200169 a 4500
001 - NÚMERO DE CONTROL
campo de control 000040981
005 - FECHA Y HORA DE LA ÚLTIMA TRANSACCIÓN
campo de control 20201002034527.0
008 - DATOS DE LONGITUD FIJA--INFORMACIÓN GENERAL
campo de control de longitud fija 130912s1997 xxub 000 0 eng d
020 ## - NÚMERO INTERNACIONAL ESTÁNDAR DEL LIBRO
Número Internacional Estándar del Libro 0877795460
040 ## - FUENTE DE LA CATALOGACIÓN
Centro catalogador/agencia de origen DO-SdBNP
Lengua de catalogación eng
Centro/agencia transcriptor BNPHU
082 ## - NÚMERO DE LA CLASIFICACIÓN DECIMAL DEWEY
Número de clasificación xxxxx
Número de documento/Ítem xxxx
245 00 - MENCIÓN DE TÍTULO
Título Merriam-Webster's Geographical Dictionary. /
Mención de responsabilidad, etc. preface, Daniel J. Hopkins.
250 ## - MENCIÓN DE EDICIÓN
Mención de edición 3a. ed.
260 ## - PUBLICACIÓN, DISTRIBUCIÓN, ETC.
Lugar de publicación, distribución, etc. Springfield, Massachusetts, U.S.A., :
Nombre del editor, distribuidor, etc. Merriam-Webster,
Fecha de publicación, distribución, etc. 1997.
300 ## - DESCRIPCIÓN FÍSICA
Extensión 26a, 1361 :
Otras características físicas map. ;
Dimensiones 24 cm.
700 1# - PUNTO DE ACCESO ADICIONAL--NOMBRE DE PERSONA
Nombre de persona Hopkins, Daniel J.
9 (RLIN) 67416
Existencias
Estado de retiro Estado de pérdida Restricciones de uso No para préstamo Código de colección Localización permanente Ubicación/localización actual Ubicación en estantería Fecha de adquisición Número de inventario Total de préstamos Signatura topográfica completa Código de barras Fecha visto por última vez Precio válido a partir de Tipo de ítem Koha
      Excluido de préstamo Monografías: Libros y Folletos General General En catalogación 12.09.2013 LF1   xxxxx xxxx 40981-10 25.06.2020 25.06.2020 No se presta

Con tecnología Koha